Computer viruses : what they are, how they work, how to avoid them
Αποθηκεύτηκε σε:
| Κύριος συγγραφέας: | |
|---|---|
| Μορφή: | Βιβλίο |
| Γλώσσα: | English |
| Δημοσίευση: |
Blue Ridge Summit, PA :
Windcrest,
c1989
|
| Θέματα: | |
| Ετικέτες: |
Προσθήκη ετικέτας
Δεν υπάρχουν, Καταχωρήστε ετικέτα πρώτοι!
|
MARC
| LEADER | 00000cam a2200000 i 4500 | ||
|---|---|---|---|
| 001 | 1/39550 | ||
| 008 | 971015s1989 eng d | ||
| 020 | |a 0830633820 | ||
| 035 | |l 10041037 | ||
| 035 | |a 1997 |c ΔΩΡΕΑ ΤΖΑΦΕΡΗ | ||
| 040 | |a GR-MY-UA |b gre |e aacr | ||
| 041 | 0 | |a eng | |
| 082 | 0 | |a 005.8 | |
| 100 | 1 | |a Mayo, Jonathan L. | |
| 245 | 1 | 0 | |a Computer viruses : |b what they are, how they work, how to avoid them / |c Jonathan L. Mayo |
| 260 | |a Blue Ridge Summit, PA : |b Windcrest, |c c1989 | ||
| 300 | |a viii, 160 p.; |b ill.; |c 23 cm. + |e 1 computer disk (5 1/4 in.) | ||
| 500 | |a System requirements: IBM PC or compatible; MS or PC DOS (formatted using PC-DOS 3.3); 1 (5 1/4 in.) disk drive or hard drive | ||
| 500 | |a ^Includes valuable anti-viral shareware disk^--Cover | ||
| 500 | |a Includes bibliographical references (p. 83-85) and index | ||
| 650 | 0 | 0 | |a Computer viruses. |
| 852 | |a INST |b SAMOS |e 19971015 |h 005.8 MAY |p 005300008729 |q 005300008729 |t BK |y 0 | ||
| 852 | |a INST |b SAMOS |e 19981118 |h 005.8 MAY |p 005300013837 |q 005300013837 |t BK |y 0 | ||
| 901 | |a BIBL-1997-2 | ||
| 909 | |a Σ |b 050549 | ||
| 909 | |a Σ |b 060470 | ||